000 00506nam a22001817a 4500
005 20170720150529.0
010 _aENG-119256
020 _a9789385288449
_c299.00
035 _aEN-102788
037 _bDBAD/PUB
082 _aN
100 _aDutta,Shujoy
245 _aLike a pinkprick to the heart /
_cby Shujoy Dutta
260 _aNew Delhi
_bSpeaking Tiger Publishing
_c2015
270 _a4381/4 ansari road, daryaganj
_bNew Delhi
_e110002
300 _a309p.
_c20cm(Pbk)
942 _2ddc
_cEN
_hN
_mDUT
999 _c142731
_d142731